000 00694nam a2200133Ia 4500
008 171212s9999 xx 000 0 und d
020 _a9780833042897
100 _aBolten, Joseph G.;Leonard, Robert S.;Arena, Mark V.;Younossi, Obaid;Sollinger, Jerry M.
245 _cBolten, Joseph G.;Leonard, Robert S.;Arena, Mark V.;Younossi, Obaid;Sollinger, Jerry M.
_aSources of Weapon System Cost Growth
_bAnalysis of 35 Major Defense Acquisition Programs
260 _bRAND Corporation
_c2008
650 _aTechnology
650 _aUnited States -- Armed Forces -- Weapons systems -- Costs; United States. Dept. of Defense -- Procurement -- Cost control
856 _uwww.jstor.org/stable/10.7249/mg670af
999 _c352547
_d352547